Normal view
MARC view
Entry Personal Name
001 - CONTROL NUMBER
- control field: 50463
003 - CONTROL NUMBER IDENTIFIER
- control field: ARRUPE
005 - DATE AND TIME OF LATEST TRANSACTION
- control field: 20211014094619.0
008 - FIXED-LENGTH DATA ELEMENTS
- fixed length control field: 211014|| aca||aabn | a|a d
040 ## - CATALOGING SOURCE
- Original cataloging agency: ARRUPE
- Transcribing agency: ARRUPE
100 ## - HEADING--PERSONAL NAME
- Personal name: Heller-Roazen, Daniel
670 ## - SOURCE DATA FOUND
- Source citation: Work cat.: (ARRUPE)0: Heller-Roazen, Daniel., Echolalias :, 2005.